[Event "17. Europa ch Juvenil - Femenino s18"]
[Site "Sibenik CRO"]
[Date "2007.09.19"]
[Round "6.21"]
[White "Vartic, Irina"]
[Black "Le Bail, Clara"]
[Result "0-1"]
[WhiteElo "1921"]
[BlackElo "1981"]
[PlyCount "66"]
[EventDate "2007.09.14"]
[EventType "swiss"]
[EventRounds "9"]
[EventCountry "CRO"]
[Source "lmi"]
[SourceDate "2007.09.14"]

1. e4 e6 2. d4 d5 3. Nd2 Nf6 4. e5 Nfd7 5. Bd3 c5 6. c3 Nc6 7. Ne2 cxd4 8. cxd4
f6 9. exf6 Nxf6 10. O-O Bd6 11. Nf3 Qc7 12. Bg5 O-O 13. Rc1 a6 14. Bb1 Nh5 15.
Qd3 g6 16. Bh6 Rf6 17. Qe3 Ng7 18. Qg5 Be7 19. Qe3 Nf5 20. Bxf5 Rxf5 21. Ng3
Rf6 22. Ne5 Qb6 23. Nh5 Rf5 24. g4 Rxe5 25. Rxc6 Rxe3 26. Rxb6 Re4 27. Nf4 Kf7
28. Nd3 Rxg4+ 29. Kh1 Rxd4 30. Ne5+ Kf6 31. Bg5+ Kxg5 32. Nf3+ Kf6 33. Nxd4 Bc5
0-1

[Event "17. Europa ch Juvenil - Femenino s18"]
[Site "Sibenik CRO"]
[Date "2007.09.19"]
[Round "6.22"]
[White "Mader, Manuela"]
[Black "Yelmarova, Natavan"]
[Result "1-0"]
[WhiteElo "2204"]
[BlackElo "1850"]
[PlyCount "65"]
[EventDate "2007.09.14"]
[EventType "swiss"]
[EventRounds "9"]
[EventCountry "CRO"]
[Source "lmi"]
[SourceDate "2007.09.14"]

1. e4 c5 2. c3 d5 3. exd5 Qxd5 4. d4 Nf6 5. Nf3 Bg4 6. dxc5 Qxd1+ 7. Kxd1 Bxf3+
8. gxf3 e6 9. b4 Nc6 10. Bb5 O-O-O+ 11. Ke2 Nd5 12. Bxc6 bxc6 13. a3 Be7 14. c4
Bf6 15. Ra2 Ne7 16. Be3 Nf5 17. Rd2 Nd4+ 18. Bxd4 Bxd4 19. Rhd1 Be5 20. h3
Rxd2+ 21. Nxd2 f5 22. Nb3 Bc7 23. Nd4 Kb7 24. b5 cxb5 25. cxb5 Rd8 26. Rd3 Bf4
27. Nc6 Rxd3 28. Kxd3 Bc1 29. a4 Ba3 30. Kc4 g5 31. Nd8+ Kc8 32. Nxe6 h6 33. a5
1-0

[Event "17. Europa ch Juvenil - Femenino s18"]
[Site "Sibenik CRO"]
[Date "2007.09.19"]
[Round "6.23"]
[White "Naydenova, Yordanka"]
[Black "Brankov, Kristina"]
[Result "1-0"]
[WhiteElo "1749"]
[BlackElo "1918"]
[PlyCount "63"]
[EventDate "2007.09.14"]
[EventType "swiss"]
[EventRounds "9"]
[EventCountry "CRO"]
[Source "lmi"]
[SourceDate "2007.09.14"]

1. e4 e5 2. Nf3 Nc6 3. Bc4 Bc5 4. c3 Nf6 5. d3 O-O 6. O-O d5 7. exd5 Nxd5 8. b4
Bb6 9. b5 Na5 10. Nxe5 Qd6 11. Nf3 Bg4 12. Ba3 Bc5 13. Bxd5 Qxd5 14. Bxc5 Qxc5
15. a4 Rad8 16. d4 Qc4 17. Nfd2 Qe6 18. Qc1 Rd5 19. f3 Bh5 20. Rf2 Qe3 21. Na3
Qe6 22. c4 Rxd4 23. Qc3 Qe5 24. Nc2 Rd5 25. Qxa5 Rd3 26. Qb4 Rfd8 27. Re1 Qf6
28. Rfe2 h6 29. Ne3 Qg5 30. Ne4 Qg6 31. Ng3 R3d6 32. Nef5 1-0

[Event "17. Europa ch Juvenil - Femenino s18"]
[Site "Sibenik CRO"]
[Date "2007.09.19"]
[Round "6.24"]
[White "Kahancova, Ivana"]
[Black "Ivekovic, Ivana"]
[Result "0-1"]
[WhiteElo "1634"]
[BlackElo "1918"]
[PlyCount "52"]
[EventDate "2007.09.14"]
[EventType "swiss"]
[EventRounds "9"]
[EventCountry "CRO"]
[Source "lmi"]
[SourceDate "2007.09.14"]

1. e4 c5 2. Nf3 e6 3. d4 cxd4 4. Nxd4 a6 5. Bd3 Qc7 6. O-O Nf6 7. c4 b6 8. Qe2
d6 9. Kh1 Bb7 10. Nc3 g6 11. f4 Bg7 12. Nf3 O-O 13. Bd2 Nbd7 14. Nh4 Rad8 15.
f5 Ne5 16. fxg6 fxg6 17. b3 Nxd3 18. Qxd3 d5 19. exd5 exd5 20. Nxd5 Nxd5 21.
Rxf8+ Rxf8 22. Re1 Nf4 23. Qg3 Be5 24. Nf3 Nd3 25. Nxe5 Nxe1 26. Qxe1 Qxe5 0-1

[Event "17. Europa ch Juvenil - Femenino s18"]
[Site "Sibenik CRO"]
[Date "2007.09.19"]
[Round "6.26"]
[White "Misovic, Sanja"]
[Black "Virag, Csilla"]
[Result "1/2-1/2"]
[WhiteElo "1872"]
[BlackElo "1892"]
[PlyCount "43"]
[EventDate "2007.09.14"]
[EventType "swiss"]
[EventRounds "9"]
[EventCountry "CRO"]
[Source "lmi"]
[SourceDate "2007.09.14"]

1. d4 d5 2. c4 e6 3. Nc3 Nf6 4. Bg5 Be7 5. cxd5 exd5 6. e3 c6 7. Bd3 Nbd7 8.
Nf3 O-O 9. Qc2 Re8 10. O-O Nf8 11. h3 Ng6 12. Bxf6 Bxf6 13. b4 a6 14. a4 Qd6
15. b5 axb5 16. axb5 Bd7 17. bxc6 bxc6 18. Na4 Reb8 19. Nc5 Be8 20. Rfc1 Nf8
21. Ra4 Rxa4 22. Nxa4 1/2-1/2

[Event "17. Europa ch Juvenil - Femenino s18"]
[Site "Sibenik CRO"]
[Date "2007.09.20"]
[Round "7.1"]
[White "Kharmunova, Nadejda"]
[Black "Foisor, Sabina-Francesca"]
[Result "1/2-1/2"]
[WhiteElo "2177"]
[BlackElo "2346"]
[PlyCount "73"]
[EventDate "2007.09.14"]
[EventType "swiss"]
[EventRounds "9"]
[EventCountry "CRO"]
[Source "lmi"]
[SourceDate "2007.09.14"]

1. f4 d5 2. Nf3 c5 3. g3 g6 4. Bg2 Bg7 5. O-O Nh6 6. d3 d4 7. Na3 Be6 8. e4
dxe3 9. c3 Nd7 10. Bxe3 Bd5 11. h3 Nf5 12. Bf2 h5 13. d4 cxd4 14. Nxd4 Bxg2 15.
Kxg2 Nxd4 16. Bxd4 Bxd4 17. Qxd4 Nf6 18. Qe3 Qd5+ 19. Kg1 Qf5 20. Kh2 O-O 21.
Rad1 Kg7 22. Qe5 Rad8 23. Rd4 Rxd4 24. Qxd4 a6 25. Nc4 Qc2+ 26. Rf2 Qe4 27. Rd2
Qe1 28. Qe5 Qf1 29. Ne3 Qf3 30. f5 g5 31. Kg1 b5 32. h4 g4 33. Ng2 Qe4 34. Qc5
Qf3 35. Qe5 Qe4 36. Qc5 Qf3 37. Qe5 1/2-1/2

[Event "17. Europa ch Juvenil - Femenino s18"]
[Site "Sibenik CRO"]
[Date "2007.09.20"]
[Round "7.2"]
[White "Tarasova, Viktoriya"]
[Black "Ivakhinova, Inna"]
[Result "0-1"]
[WhiteElo "2249"]
[BlackElo "2251"]
[PlyCount "56"]
[EventDate "2007.09.14"]
[EventType "swiss"]
[EventRounds "9"]
[EventCountry "CRO"]
[Source "lmi"]
[SourceDate "2007.09.14"]

1. d4 Nf6 2. c4 c5 3. d5 b5 4. cxb5 a6 5. b6 d6 6. e4 Qxb6 7. Nc3 g6 8. h3 Bg7
9. Bd3 O-O 10. Nf3 Nbd7 11. O-O Rb8 12. Qe2 Nh5 13. Kh2 Re8 14. g4 Nhf6 15. Rb1
Bb7 16. Be3 e6 17. dxe6 Rxe6 18. Bc4 Re7 19. Bf4 Rbe8 20. Rbd1 Nxe4 21. Nxe4
Rxe4 22. Bxf7+ Kxf7 23. Ng5+ Kg8 24. Nxe4 Rxe4 25. Be3 d5 26. b3 Qd6+ 27. Kg1
Qe6 28. Qd3 Ne5 0-1

[Event "17. Europa ch Juvenil - Femenino s18"]
[Site "Sibenik CRO"]
[Date "2007.09.20"]
[Round "7.3"]
[White "Paulet, Iozefina"]
[Black "Leks, Hanna"]
[Result "0-1"]
[WhiteElo "2241"]
[BlackElo "2232"]
[PlyCount "134"]
[EventDate "2007.09.14"]
[EventType "swiss"]
[EventRounds "9"]
[EventCountry "CRO"]
[Source "lmi"]
[SourceDate "2007.09.14"]

1. e4 c5 2. Nc3 Nc6 3. Bb5 Nd4 4. Bc4 Nf6 5. d3 e6 6. e5 d5 7. Bb3 Nd7 8. f4 b5
9. Nf3 Nxf3+ 10. Qxf3 Rb8 11. a3 c4 12. Ba2 Bc5 13. Ne2 Qb6 14. c3 cxd3 15.
Qxd3 Bf2+ 16. Kf1 Nc5 17. Qf3 Ne4 18. Bb1 Bc5 19. b4 Be7 20. Qe3 Qc7 21. Bd2
O-O 22. Ng3 Nxd2+ 23. Qxd2 f6 24. exf6 Bxf6 25. Ne2 Bb7 26. Ba2 Be5 27. g3 d4
28. Rg1 dxc3 29. Qe3 Bd5 30. Bxd5 exd5 31. Kg2 Bf6 32. Rac1 Rbc8 33. Rc2 Rfe8
34. Qf3 Qc4 35. Rd1 d4 36. Nc1 Re3 37. Qf1 Qd5+ 38. Kg1 Qe4 39. Nd3 Re8 40. Rf2
Re2 41. Rxe2 Qxe2 42. Re1 Qxf1+ 43. Kxf1 Rxe1+ 44. Nxe1 Kf7 45. Ke2 Ke6 46. g4
Kd5 47. Kd3 Bh4 48. Nf3 Bf2 49. h3 a6 50. f5 h6 51. h4 c2 52. Kxc2 Ke4 53. g5
hxg5 54. hxg5 Kxf5 55. Kd3 Be3 56. Ne1 Kxg5 57. Ke4 Kg4 58. Nd3 Kh3 59. Kf3 g5
60. Ne5 Bc1 61. Ke4 Bxa3 62. Nd3 g4 63. Kxd4 g3 64. Kc5 Bxb4+ 65. Kxb4 g2 66.
Nf4+ Kh2 67. Nxg2 Kxg2 0-1

[Event "17. Europa ch Juvenil - Femenino s18"]
[Site "Sibenik CRO"]
[Date "2007.09.20"]
[Round "7.4"]
[White "Daulyte, Deimante"]
[Black "Robles Garcia, Claudia"]
[Result "1-0"]
[WhiteElo "2216"]
[BlackElo "2167"]
[PlyCount "77"]
[EventDate "2007.09.14"]
[EventType "swiss"]
[EventRounds "9"]
[EventCountry "CRO"]
[Source "lmi"]
[SourceDate "2007.09.14"]

1. e4 c5 2. Nf3 d6 3. d4 cxd4 4. Nxd4 Nf6 5. Nc3 a6 6. Bg5 e6 7. f4 Qb6 8. Qd2
Qxb2 9. Rb1 Qa3 10. e5 dxe5 11. fxe5 Nfd7 12. Ne4 Qxa2 13. Rd1 Qd5 14. Qf4 Qa5+
15. c3 h6 16. Be2 hxg5 17. Nxg5 Nxe5 18. O-O f6 19. Ngxe6 Bxe6 20. Nxe6 Qb6+
21. Nd4 Nbd7 22. Rb1 Qc7 23. Bg4 Nc5 24. Nf5 Ne6 25. Qe4 Qc6 26. Qe2 Bc5+ 27.
Kh1 Nxg4 28. Qxg4 Kf7 29. Rbe1 g6 30. Nh4 Rh6 31. Nf3 Qd6 32. Qxe6+ Kg7 33. Qe4
Qc7 34. Nh4 Rah8 35. g3 Rd8 36. Rd1 Be7 37. Rxd8 Bxd8 38. Rd1 Qe7 39. Qg4 1-0

[Event "17. Europa ch Juvenil - Femenino s18"]
[Site "Sibenik CRO"]
[Date "2007.09.20"]
[Round "7.5"]
[White "Zhorzholiani, Meri"]
[Black "Charochkina, Daria"]
[Result "1/2-1/2"]
[WhiteElo "2110"]
[BlackElo "2390"]
[PlyCount "87"]
[EventDate "2007.09.14"]
[EventType "swiss"]
[EventRounds "9"]
[EventCountry "CRO"]
[Source "lmi"]
[SourceDate "2007.09.14"]

1. d4 Nf6 2. c4 c5 3. Nf3 cxd4 4. Nxd4 e5 5. Nf3 Nc6 6. Bg5 Qa5+ 7. Bd2 Qb6 8.
Nc3 e4 9. Ng5 e3 10. Bxe3 Qxb2 11. Rc1 Bb4 12. Bd2 O-O 13. e3 Qa3 14. Qc2 d6
15. Be2 h6 16. Nf3 Qa5 17. O-O Bd7 18. Rfd1 Rac8 19. Nb5 d5 20. Nd6 Rb8 21. c5
a6 22. Rb1 b6 23. cxb6 Rxb6 24. Bxb4 Rxb4 25. Nb7 Qa3 26. Nc5 Bc8 27. Bf1 Qa5
28. Nd2 Qb6 29. a3 Rxb1 30. Rxb1 Qa5 31. a4 Ne5 32. Ndb3 Qc7 33. Qd2 Nfg4 34.
f4 Nc4 35. Qxd5 Ngxe3 36. Qf3 Re8 37. Re1 Nd2 38. Nxd2 Qxc5 39. Kh1 Qc3 40. Re2
Bg4 41. Rxe3 Rxe3 42. Qxg4 Qxd2 43. Qc8+ Kh7 44. Qf5+ 1/2-1/2

[Event "17. Europa ch Juvenil - Femenino s18"]
[Site "Sibenik CRO"]
[Date "2007.09.20"]
[Round "7.6"]
[White "Chirita, Andra-Marina"]
[Black "Rakic, Marija"]
[Result "1-0"]
[WhiteElo "2056"]
[BlackElo "2247"]
[PlyCount "79"]
[EventDate "2007.09.14"]
[EventType "swiss"]
[EventRounds "9"]
[EventCountry "CRO"]
[Source "lmi"]
[SourceDate "2007.09.14"]

1. d4 Nf6 2. Nf3 e6 3. c4 b6 4. a3 Ba6 5. e3 Bb7 6. Nc3 c5 7. Bd3 d6 8. O-O
Nbd7 9. b4 Be7 10. Bb2 O-O 11. dxc5 bxc5 12. b5 a5 13. a4 Qc7 14. Qc2 Rfe8 15.
Ne2 Nf8 16. Ng3 e5 17. Ng5 g6 18. f4 N6d7 19. Nh3 Bf6 20. Ne4 Bg7 21. fxe5 dxe5
22. g4 f6 23. Qf2 Qb6 24. Rad1 Qe6 25. Qg3 Kh8 26. Nhf2 Qe7 27. Bc2 Red8 28.
Nd6 Ra7 29. Nxb7 Rxb7 30. Bc3 Ra7 31. Ne4 Nb6 32. Rxd8 Qxd8 33. Nxf6 Nxc4 34.
Bxe5 Nxe5 35. Qxe5 Re7 36. Qxc5 Nd7 37. Nxd7 Qxd7 38. h3 Bh6 39. Qc3+ Kg8 40.
Bb3+ 1-0

[Event "17. Europa ch Juvenil - Femenino s18"]
[Site "Sibenik CRO"]
[Date "2007.09.20"]
[Round "7.7"]
[White "Baptista, Ana Filipa"]
[Black "Gunina, Valentina"]
[Result "0-1"]
[WhiteElo "2055"]
[BlackElo "2361"]
[PlyCount "64"]
[EventDate "2007.09.14"]
[EventType "swiss"]
[EventRounds "9"]
[EventCountry "CRO"]
[Source "lmi"]
[SourceDate "2007.09.14"]

1. e4 e5 2. Nf3 Nc6 3. Bb5 Nf6 4. d3 d6 5. c3 a6 6. Ba4 b5 7. Bc2 Bg4 8. Nbd2
Be7 9. O-O O-O 10. Re1 d5 11. h3 Bh5 12. Qe2 d4 13. Nf1 dxc3 14. bxc3 b4 15. g4
Bg6 16. Ba4 Nb8 17. Nxe5 bxc3 18. Be3 Nfd7 19. Bc6 Nxe5 20. Bxa8 Nbd7 21. Bb7
Nc5 22. Bxc5 Bxc5 23. Bxa6 Qf6 24. Bc4 Qh4 25. Kg2 Nxc4 26. dxc4 Bxe4+ 27. Kh2
f5 28. Ng3 fxg4 29. Nxe4 Qxh3+ 30. Kg1 g3 31. Nf6+ Rxf6 32. Qe8+ Bf8 0-1

[Event "17. Europa ch Juvenil - Femenino s18"]
[Site "Sibenik CRO"]
[Date "2007.09.20"]
[Round "7.8"]
[White "Ayrapetyan, Tatevik"]
[Black "Hairapetian, Anna"]
[Result "1-0"]
[WhiteElo "2218"]
[BlackElo "2028"]
[PlyCount "75"]
[EventDate "2007.09.14"]
[EventType "swiss"]
[EventRounds "9"]
[EventCountry "CRO"]
[Source "lmi"]
[SourceDate "2007.09.14"]

1. e4 c5 2. Nf3 Nc6 3. d4 cxd4 4. Nxd4 Nf6 5. Nc3 e5 6. Ndb5 d6 7. Bg5 a6 8.
Na3 b5 9. Nd5 Be7 10. Bxf6 Bxf6 11. c3 Bg5 12. Nc2 O-O 13. a4 bxa4 14. Rxa4 a5
15. b4 Be6 16. b5 Nb8 17. Bc4 Nd7 18. Qe2 Nc5 19. Ra2 Kh8 20. O-O g6 21. f4
Bxf4 22. Nxf4 exf4 23. Nd4 Qg5 24. Nc6 a4 25. Qd2 Nb3 26. Bxb3 axb3 27. Qd4+ f6
28. Rxa8 Rxa8 29. b6 Ra2 30. g3 fxg3 31. h3 g2 32. Rxf6 Ra1+ 33. Rf1+ Kg8 34.
Rxa1 b2 35. Ra8+ Kf7 36. Ra7+ Bd7 37. Rxd7+ Ke6 38. Qxd6# 1-0

[Event "17. Europa ch Juvenil - Femenino s18"]
[Site "Sibenik CRO"]
[Date "2007.09.20"]
[Round "7.9"]
[White "Kalashyan, Varduhi"]
[Black "Van Nies, Pauline"]
[Result "1-0"]
[WhiteElo "2059"]
[BlackElo "2162"]
[PlyCount "65"]
[EventDate "2007.09.14"]
[EventType "swiss"]
[EventRounds "9"]
[EventCountry "CRO"]
[Source "lmi"]
[SourceDate "2007.09.14"]

1. d4 Nf6 2. c4 c5 3. Nf3 e6 4. Nc3 cxd4 5. Nxd4 a6 6. Bg5 Be7 7. e4 Qc7 8. Be2
d6 9. O-O Nbd7 10. Qd2 O-O 11. Rac1 b6 12. f4 Re8 13. e5 dxe5 14. fxe5 Nxe5 15.
Bxf6 Bxf6 16. Rxf6 gxf6 17. Ne4 Qd8 18. Rd1 f5 19. Ng3 Qh4 20. Nh5 Kh8 21. Nf3
Qxh5 22. Nxe5 Qh4 23. Nxf7+ Kg7 24. Nd6 Re7 25. Qc3+ Qf6 26. Qg3+ Qg6 27. Qe5+
Qf6 28. Qg3+ Kf8 29. Ne4 Qg6 30. Rd8+ Re8 31. Qd6+ Kg7 32. Qe5+ Kh6 33. Rd3 1-0

[Event "17. Europa ch Juvenil - Femenino s18"]
[Site "Sibenik CRO"]
[Date "2007.09.20"]
[Round "7.10"]
[White "Orlyanskaya, Darya"]
[Black "Sobierska, Wioletta"]
[Result "1-0"]
[WhiteElo "2092"]
[BlackElo "2012"]
[PlyCount "77"]
[EventDate "2007.09.14"]
[EventType "swiss"]
[EventRounds "9"]
[EventCountry "CRO"]
[Source "lmi"]
[SourceDate "2007.09.14"]

1. e4 e6 2. d4 d5 3. e5 c5 4. c3 Nc6 5. Nf3 Qb6 6. a3 f6 7. Bd3 Bd7 8. Bc2
O-O-O 9. O-O fxe5 10. dxe5 h6 11. b4 g5 12. Qe2 Bg7 13. h3 Qc7 14. Re1 Nge7 15.
Nbd2 Be8 16. Nb3 cxb4 17. axb4 Bh5 18. g4 Bg6 19. Nc5 Bf7 20. Ba3 b6 21. Na6
Qb7 22. Bd3 Ng6 23. Nc5 Nf4 24. Qf1 Qc7 25. Na6 Qb7 26. Bb5 Bg6 27. Bc1 Be4 28.
Nc5 Qe7 29. Nxe4 dxe4 30. Rxe4 Nb8 31. Rc4+ Kb7 32. Bxf4 gxf4 33. Rxf4 h5 34.
g5 Bxe5 35. Nxe5 Qxg5+ 36. Qg2+ Qxg2+ 37. Kxg2 Rd5 38. Rf7+ Kc8 39. Nc6 1-0

[Event "17. Europa ch Juvenil - Femenino s18"]
[Site "Sibenik CRO"]
[Date "2007.09.20"]
[Round "7.11"]
[White "Ikonomopoulou, Maria"]
[Black "Homiakova, Ekaterina"]
[Result "1-0"]
[WhiteElo "2029"]
[BlackElo "2089"]
[PlyCount "87"]
[EventDate "2007.09.14"]
[EventType "swiss"]
[EventRounds "9"]
[EventCountry "CRO"]
[Source "lmi"]
[SourceDate "2007.09.14"]

1. d4 Nf6 2. c4 c5 3. d5 b5 4. cxb5 a6 5. Nc3 axb5 6. e4 b4 7. Nb5 d6 8. Bc4 g6
9. e5 dxe5 10. d6 exd6 11. Bg5 Nbd7 12. Qb3 Nb6 13. Bxf7+ Ke7 14. Rd1 c4 15.
Bxc4 Nxc4 16. Qxc4 Be6 17. Qc6 Kf7 18. Nf3 Rc8 19. Qb7+ Qe7 20. Nxd6+ Kg7 21.
Qxe7+ Bxe7 22. Nxc8 Rxc8 23. Rc1 Rxc1+ 24. Bxc1 Bxa2 25. O-O e4 26. Nd4 Bd5 27.
Rd1 Kf7 28. Bg5 Bc5 29. Nb5 Bc6 30. Rc1 Nd7 31. Nd6+ Ke6 32. Nc4 Bd5 33. Be3
Be7 34. Bd4 Nc5 35. Ne3 Nd3 36. Ra1 Nf4 37. Ra6+ Kd7 38. Be5 Ne2+ 39. Kf1 Bc6
40. Ra7+ Ke6 41. Kxe2 Bc5 42. Rc7 Bb5+ 43. Ke1 Bxe3 44. fxe3 1-0

[Event "17. Europa ch Juvenil - Femenino s18"]
[Site "Sibenik CRO"]
[Date "2007.09.20"]
[Round "7.12"]
[White "Gosciniak, Maria"]
[Black "Kruljac, Petra"]
[Result "1-0"]
[WhiteElo "2076"]
[BlackElo "2054"]
[PlyCount "83"]
[EventDate "2007.09.14"]
[EventType "swiss"]
[EventRounds "9"]
[EventCountry "CRO"]
[Source "lmi"]
[SourceDate "2007.09.14"]

1. e4 e6 2. d4 d5 3. Nc3 Bb4 4. e5 c5 5. a3 Bxc3+ 6. bxc3 Ne7 7. Qg4 Qc7 8.
Qxg7 Rg8 9. Qxh7 cxd4 10. Ne2 Nbc6 11. f4 Bd7 12. Qd3 dxc3 13. Nxc3 a6 14. Rb1
Na5 15. h4 Nc4 16. h5 O-O-O 17. h6 Rg6 18. h7 Rh8 19. Rh5 Qc5 20. Rb4 b5 21.
Rb3 Nf5 22. Ne2 Rg7 23. Qh3 d4 24. c3 d3 25. Qxd3 Bc6 26. g4 Nfe3 27. Bxe3 Nxe3
28. g5 Bd5 29. c4 Nxc4 30. Rc3 Kb7 31. Ng3 Qg1 32. Ne4 Qg4 33. Nf6 Qxf4 34.
Nxd5 Qxe5+ 35. Ne3 f5 36. Bg2+ Ka7 37. Kf2 Qf4+ 38. Kg1 Rgxh7 39. Rxh7+ Rxh7
40. Nxc4 Qh2+ 41. Kf1 bxc4 42. Qd4+ 1-0

[Event "17. Europa ch Juvenil - Femenino s18"]
[Site "Sibenik CRO"]
[Date "2007.09.20"]
[Round "7.13"]
[White "Novosadova, Kristyna"]
[Black "Steil-Antoni, Fiona"]
[Result "1-0"]
[WhiteElo "2014"]
[BlackElo "2065"]
[PlyCount "79"]
[EventDate "2007.09.14"]
[EventType "swiss"]
[EventRounds "9"]
[EventCountry "CRO"]
[Source "lmi"]
[SourceDate "2007.09.14"]

1. e4 e5 2. Nf3 Nc6 3. Bb5 a6 4. Ba4 Nf6 5. O-O Nxe4 6. d4 b5 7. Bb3 d5 8. dxe5
Be6 9. c3 Bc5 10. Qd3 O-O 11. Nbd2 Nxd2 12. Bxd2 Ne7 13. Bg5 Qd7 14. Nd4 Ng6
15. Rfe1 c6 16. Bc2 Rfe8 17. Be3 Ba7 18. f4 c5 19. Nxe6 fxe6 20. Rad1 Qf7 21.
Qf1 Rf8 22. g3 c4 23. Qh3 h6 24. Bxa7 Rxa7 25. f5 Ne7 26. f6 Nc6 27. Qg4 Nd8
28. Rd4 Qe8 29. Qh4 Nf7 30. Rg4 g5 31. Qh5 Nxe5 32. Qxe8 Nf3+ 33. Kf2 Rxe8 34.
Kxf3 Rf7 35. h4 Rxf6+ 36. Ke3 e5 37. hxg5 d4+ 38. cxd4 exd4+ 39. Kxd4 Rd8+ 40.
Kc5 1-0

[Event "17. Europa ch Juvenil - Femenino s18"]
[Site "Sibenik CRO"]
[Date "2007.09.20"]
[Round "7.14"]
[White "Ohme, Melanie"]
[Black "Kaniak, Justyna"]
[Result "1-0"]
[WhiteElo "2278"]
[BlackElo "1942"]
[PlyCount "77"]
[EventDate "2007.09.14"]
[EventType "swiss"]
[EventRounds "9"]
[EventCountry "CRO"]
[Source "lmi"]
[SourceDate "2007.09.14"]

1. e4 e5 2. Bc4 Bc5 3. Nf3 Nc6 4. d3 Nf6 5. O-O d6 6. c3 O-O 7. Bb3 a6 8. Qe2
Bg4 9. h3 Bh5 10. Nbd2 Re8 11. Re1 Bg6 12. Nf1 Nh5 13. Be3 h6 14. Qd2 Qd7 15.
g4 Nf6 16. Ng3 h5 17. g5 Nh7 18. Kh2 Nf8 19. Nh4 Ne6 20. a3 Bxe3 21. fxe3 Nxg5
22. Qg2 Ne6 23. Rg1 Ne7 24. Nxh5 c6 25. Ng3 d5 26. Ngf5 Nc5 27. Bc2 dxe4 28.
dxe4 Rad8 29. Rad1 Qe6 30. Nxe7+ Qxe7 31. Nxg6 fxg6 32. b4 Rxd1 33. Bxd1 Nd7
34. Bb3+ Kf8 35. Qxg6 Nf6 36. Rf1 Rd8 37. Qh5 Rd2+ 38. Kh1 Qd6 39. Qf7# 1-0

[Event "17. Europa ch Juvenil - Femenino s18"]
[Site "Sibenik CRO"]
[Date "2007.09.20"]
[Round "7.15"]
[White "Mareckova, Martina"]
[Black "Kaniak, Monika"]
[Result "1-0"]
[WhiteElo "2003"]
[BlackElo "1950"]
[PlyCount "93"]
[EventDate "2007.09.14"]
[EventType "swiss"]
[EventRounds "9"]
[EventCountry "CRO"]
[Source "lmi"]
[SourceDate "2007.09.14"]

1. e4 e6 2. d3 d5 3. Nd2 Nf6 4. Ngf3 b6 5. g3 dxe4 6. dxe4 Bc5 7. Bg2 Ba6 8. c4
Qd3 9. Qb3 Qxb3 10. axb3 Bb7 11. e5 Ng4 12. O-O Nd7 13. h3 Nh6 14. g4 Ng8 15.
Re1 Bb4 16. Nd4 Bxg2 17. Kxg2 a5 18. f4 Ne7 19. Re2 h5 20. Ne4 hxg4 21. hxg4
O-O-O 22. Be3 Rh4 23. Kg3 Rdh8 24. Nf3 Rh3+ 25. Kg2 Ng6 26. Neg5 Nh4+ 27. Kxh3
Nxf3+ 28. Kg3 Nxg5 29. fxg5 Nxe5 30. Rf1 Nd3 31. c5 Nxc5 32. Rxf7 Nd3 33. Rxg7
Bd6+ 34. Kf3 Ne5+ 35. Ke4 Rh4 36. Rg2 Nxg4 37. Kf3 Ne5+ 38. Ke2 Kd8 39. g6 Re4
40. Rh7 Ng4 41. Kf3 Rxe3+ 42. Kxg4 Re4+ 43. Kf3 Rf4+ 44. Ke3 Rb4 45. g7 Rxb3+
46. Kd4 Rb4+ 47. Kd3 1-0

[Event "17. Europa ch Juvenil - Femenino s18"]
[Site "Sibenik CRO"]
[Date "2007.09.20"]
[Round "7.16"]
[White "Knaperekova, Emilia"]
[Black "Severiukhina, Zoya"]
[Result "0-1"]
[WhiteElo "1946"]
[BlackElo "2267"]
[PlyCount "46"]
[EventDate "2007.09.14"]
[EventType "swiss"]
[EventRounds "9"]
[EventCountry "CRO"]
[Source "lmi"]
[SourceDate "2007.09.14"]

1. f4 Nf6 2. e3 g6 3. d4 Bg7 4. Bd3 d6 5. Nf3 O-O 6. O-O c5 7. c3 Nc6 8. Nbd2
e5 9. dxe5 dxe5 10. Qc2 Nd5 11. Nc4 Ndb4 12. cxb4 Nxb4 13. Qe2 Nxd3 14. Ncxe5
Nxe5 15. Nxe5 Bf5 16. e4 Qd4+ 17. Be3 Qxe4 18. Rac1 b6 19. Nc4 Rad8 20. Rfd1
Rxd1+ 21. Rxd1 Re8 22. Qd2 Qxc4 23. b3 Qc2 0-1

[Event "17. Europa ch Juvenil - Femenino s18"]
[Site "Sibenik CRO"]
[Date "2007.09.20"]
[Round "7.17"]
[White "Tonel, Giulia"]
[Black "Yildiz, Betul Cemre"]
[Result "1/2-1/2"]
[WhiteElo "1934"]
[BlackElo "2217"]
[PlyCount "83"]
[EventDate "2007.09.14"]
[EventType "swiss"]
[EventRounds "9"]
[EventCountry "CRO"]
[Source "lmi"]
[SourceDate "2007.09.14"]

1. e4 c5 2. Nf3 e6 3. c3 d5 4. exd5 Qxd5 5. d4 Nf6 6. Be2 Be7 7. O-O cxd4 8.
cxd4 Nc6 9. Nc3 Qd8 10. Bf4 O-O 11. Rc1 b6 12. a3 Bb7 13. Bg3 Rc8 14. b4 h6 15.
Qb3 a5 16. d5 exd5 17. b5 Nb8 18. Rcd1 Nbd7 19. Nd4 Nc5 20. Qb2 Nce4 21. Nxe4
Nxe4 22. Bf3 Nxg3 23. hxg3 Bf6 24. Qd2 Qd6 25. Nf5 Qxa3 26. Qf4 Rc4 27. Nxh6+
Kh8 28. Qf5 Qe7 29. Rfe1 Qc7 30. Ng4 Bc3 31. Re2 Rd8 32. Bxd5 Bxd5 33. Rxd5 Rc5
34. Ne3 Bf6 35. Red2 Rcxd5 36. Rxd5 a4 37. Ng4 Rxd5 38. Qxd5 Qc1+ 39. Kh2 a3
40. Qxf7 Qg5 41. Qf8+ Kh7 42. Nxf6+ 1/2-1/2

[Event "17. Europa ch Juvenil - Femenino s18"]
[Site "Sibenik CRO"]
[Date "2007.09.20"]
[Round "7.18"]
[White "Ivekovic, Ivana"]
[Black "Mader, Manuela"]
[Result "1/2-1/2"]
[WhiteElo "1918"]
[BlackElo "2204"]
[PlyCount "47"]
[EventDate "2007.09.14"]
[EventType "swiss"]
[EventRounds "9"]
[EventCountry "CRO"]
[Source "lmi"]
[SourceDate "2007.09.14"]

1. d4 Nf6 2. Nf3 g6 3. c4 Bg7 4. g3 O-O 5. Bg2 d6 6. O-O Nbd7 7. Nc3 e5 8. e4
a6 9. h3 b5 10. Qc2 c6 11. a3 Qe7 12. Rd1 Bb7 13. dxe5 dxe5 14. Be3 Rfd8 15.
Nd2 Qe6 16. b4 bxc4 17. Na4 Bf8 18. Nxc4 Rac8 19. Na5 Ba8 20. Rac1 Re8 21. Nb3
Red8 22. Na5 Re8 23. Nb3 Red8 24. Na5 1/2-1/2

[Event "17. Europa ch Juvenil - Femenino s18"]
[Site "Sibenik CRO"]
[Date "2007.09.20"]
[Round "7.19"]
[White "Chierici, Marianna"]
[Black "Bogdan, Elizaveta"]
[Result "1-0"]
[WhiteElo "2004"]
[BlackElo "1880"]
[PlyCount "61"]
[EventDate "2007.09.14"]
[EventType "swiss"]
[EventRounds "9"]
[EventCountry "CRO"]
[Source "lmi"]
[SourceDate "2007.09.14"]

1. e4 e5 2. Bc4 Nf6 3. d3 Bc5 4. Nf3 Nc6 5. Bg5 h6 6. Bh4 d6 7. Nbd2 Bb6 8. a4
a6 9. c3 O-O 10. O-O Bg4 11. Qc2 Qe7 12. b4 Nd8 13. a5 Ba7 14. b5 axb5 15. Bxb5
Ne6 16. Ra2 Nf4 17. Rfa1 c6 18. Bc4 Qd7 19. Rb2 N6h5 20. Ne1 Ne2+ 21. Kh1 Bh3
22. d4 Nhf4 23. Bxe2 Nxe2 24. Ndf3 Nf4 25. gxh3 Qxh3 26. Rd1 Qf1+ 27. Ng1 exd4
28. Bg3 dxc3 29. Ra2 Nh5 30. Nd3 Nxg3+ 31. hxg3 1-0

[Event "17. Europa ch Juvenil - Femenino s18"]
[Site "Sibenik CRO"]
[Date "2007.09.20"]
[Round "7.20"]
[White "Le Bail, Clara"]
[Black "Naydenova, Yordanka"]
[Result "1-0"]
[WhiteElo "1981"]
[BlackElo "1749"]
[PlyCount "43"]
[EventDate "2007.09.14"]
[EventType "swiss"]
[EventRounds "9"]
[EventCountry "CRO"]
[Source "lmi"]
[SourceDate "2007.09.14"]

1. c4 e5 2. Nc3 Nc6 3. g3 g6 4. Bg2 Bg7 5. d3 Nge7 6. e4 d6 7. Nge2 Be6 8. O-O
Qd7 9. Nd5 Ng8 10. Rb1 h5 11. f4 Nd4 12. Nxd4 exd4 13. f5 Bxd5 14. exd5 O-O-O
15. fxg6 fxg6 16. Bg5 Rf8 17. Rxf8+ Bxf8 18. Qf1 Qg7 19. Re1 Be7 20. Qe2 Kd8
21. Qe6 Nf6 22. Bh3 1-0